[Event "41st Olympiad Women 2014"]
[Site "Tromso NOR"]
[Date "2014.08.08"]
[Round "6.2"]
[Board "3"]
[White "Gutierrez Salazar, Leonela"]
[Black "Koskela, Niina"]
[Result "0-1"]
[WhiteTitle "WFM"]
[BlackTitle "WGM"]
[WhiteElo "2096"]
[BlackElo "2213"]
[WhiteTeam "Venezuela"]
[BlackTeam "Norway"]
[WhiteFideId "3900401"]
[BlackFideId "500755"]
[EventDate "2014.08.02"]

1. e4 e5 2. Bc4 Nc6 3. Nf3 Bc5 4. c3 Nf6 5. d3 d6 6. Bb3 a6 7. Nbd2 O-O 8. Nf1
Ba7 9. Ng3 h6 10. O-O Be6 11. h3 Re8 12. Be3 d5 13. Bxa7 Rxa7 14. Qe2 Ra8 15.
Nh2 Na5 16. Bc2 dxe4 17. Nxe4 Nxe4 18. Qxe4 Bd5 19. Qg4 Qg5 20. Qxg5 hxg5 21.
Rfe1 f6 22. Re2 c5 23. Ng4 Kf8 24. f3 Red8 25. Nf2 Rd7 26. Ne4 Bxe4 27. Rxe4
Rad8 28. Rae1 b5 29. h4 c4 30. d4 exd4 31. cxd4 Nc6 32. hxg5 Rxd4 33. g6 Nb4 34.
Rxd4 Rxd4 35. Be4 Rd2 36. a3 Nc2 37. Rc1 Nd4 38. Kf1 f5 39. Bb7 Rxb2 40. Bxa6
Ne2 41. Re1 Ng3+ 42. Kg1 c3 43. Kh2 c2 44. Kxg3 Rb1 45. Re5 f4+ 46. Kg4 c1=Q 47.
Bxb5 Rxb5 48. Rxb5 Qc6 49. Rf5+ Kg8 50. Rg5 Qe6+ 51. Kxf4 Qd6+ 52. Kg4 Qxa3 53.
Re5 Qa4+ 54. Kg5 Kf8 55. g4 Qa1 56. f4 Qb2 57. Kf5 Qb6 58. Kg5 Qf6+ 59. Kh5 Qd8
60. Re6 Qd3 61. Re5 Qh3+ 62. Kg5 Qh6+ 63. Kf5 Qh4 64. Re6 Qd8 65. Ke5 Qa5+ 66.
Ke4 Qb4+ 67. Kf5 Qc5+ 68. Re5 Qc2+ 69. Kg5 Qd3 70. Kh5 Qh3+ 71. Kg5 Qh6+ 72. Kf5
Qh4 73. Re6 Qd8 74. Ke4 Qc8 75. Ke5 Qc5+ 76. Ke4 Qc2+ 77. Ke5 Qd3 78. Rd6 Qe3+
79. Kf5 Ke7 80. Rc6 Kd7 81. Rf6 Qc5+ 82. Ke4 Qc2+ 83. Ke5 Qc3+ 0-1

[Event "41st Olympiad Women 2014"]
[Site "Tromso NOR"]
[Date "2014.08.08"]
[Round "6.2"]
[Board "4"]
[White "Hagesather, Ellen"]
[Black "Montilla, Jorcerys"]
[Result "1-0"]
[WhiteTitle "WIM"]
[BlackTitle "WIM"]
[WhiteElo "2182"]
[BlackElo "2118"]
[WhiteTeam "Norway"]
[BlackTeam "Venezuela"]
[WhiteFideId "1501909"]
[BlackFideId "3900517"]
[EventDate "2014.08.02"]

1. e4 c5 2. Nf3 Nc6 3. Bb5 g6 4. Bxc6 dxc6 5. d3 Bg7 6. h3 Nf6 7. Nc3 Qc7 8. O-O
O-O 9. Be3 b6 10. Qd2 e5 11. Bh6 Re8 12. Bxg7 Kxg7 13. Nh2 Nh5 14. Ne2 Nf4 15.
Nxf4 exf4 16. Nf3 h6 17. b4 cxb4 18. Qxb4 c5 19. Qc3+ Kh7 20. Rfe1 Bb7 21. Rab1
Rac8 22. Nh2 Qe5 23. Qa3 Ra8 24. Ng4 Qg5 25. Qb3 Re6 26. f3 h5 27. Nf2 Qe5 28.
c3 Rc8 29. Red1 c4 30. Qa4 cxd3 31. Nxd3 Qxc3 32. Qxa7 Rc7 33. Qa4 Bc6 34. Qb4
Qc2 35. Rd2 Qa4 36. Nxf4 Qxb4 37. Rxb4 Rf6 38. e5 Rf5 39. Rc2 g5 40. Nd5 Bxd5
41. Rxc7 Bxa2 42. Rb5 Be6 43. Rb7 Bc4 44. Rb4 b5 45. Re7 Kg7 46. Re8 Bd5 47. h4
Be6 48. hxg5 Rxe5 49. f4 Rc5 50. Re4 Rc2 51. R8xe6 fxe6 52. Rxe6 b4 53. Rb6 Rc4
54. g3 h4 55. Kg2 hxg3 56. Kxg3 Rc3+ 57. Kg4 b3 58. f5 Rd3 59. Rb7+ Kf8 60. Kh5
Ke8 61. f6 Rf3 62. Kg6 1-0

[Event "41st Olympiad Women 2014"]
[Site "Tromso NOR"]
[Date "2014.08.08"]
[Round "6.3"]
[Board "1"]
[White "Bojkovic, Natasa"]
[Black "Lagno, Kateryna"]
[Result "0-1"]
[WhiteTitle "IM"]
[BlackTitle "GM"]
[WhiteElo "2425"]
[BlackElo "2540"]
[WhiteTeam "Serbia"]
[BlackTeam "Russia"]
[WhiteFideId "908550"]
[BlackFideId "14109336"]
[EventDate "2014.08.02"]

1. e4 c5 2. Nc3 d6 3. f4 g6 4. Nf3 Bg7 5. Bb5+ Bd7 6. Bc4 Nc6 7. O-O Na5 8. Be2
Nf6 9. d3 Nc6 10. Qe1 O-O 11. Qh4 Nd4 12. Bd1 e6 13. Kh1 Bc6 14. Be3 Qb6 15. Rb1
d5 16. Bg1 dxe4 17. dxe4 Bxe4 18. Nxe4 Nxe4 19. Qe1 Nd6 20. Ne5 Qa6 21. a3 Nc4
22. Nxc4 Qxc4 23. c3 Nb3 24. Bxb3 Qxb3 25. Bxc5 Rfd8 26. Qe2 Rd5 27. Be3 Rad8
28. Rbc1 a5 29. Qc2 Qc4 30. Rfd1 h5 31. Rxd5 Rxd5 32. Rd1 b5 33. Rxd5 exd5 34.
Qd1 b4 35. axb4 axb4 36. cxb4 Bxb2 37. Bd2 d4 38. Kg1 Bc3 39. Bc1 d3 40. Be3
Bxb4 41. g3 Bc5 42. Bxc5 Qxc5+ 43. Kf1 Qc2 44. Ke1 Kg7 45. Qd2 Kf6 46. Qe3 d2+
47. Qxd2 Qxd2+ 48. Kxd2 Kf5 49. Ke3 Kg4 50. Kf2 Kh3 51. Kg1 f5 52. Kh1 h4 0-1

[Event "41st Olympiad Women 2014"]
[Site "Tromso NOR"]
[Date "2014.08.08"]
[Round "6.3"]
[Board "2"]
[White "Gunina, Valentina"]
[Black "Vojinovic, Jovana"]
[Result "1/2-1/2"]
[WhiteTitle "GM"]
[BlackTitle "WGM"]
[WhiteElo "2524"]
[BlackElo "2312"]
[WhiteTeam "Russia"]
[BlackTeam "Serbia"]
[WhiteFideId "4167570"]
[BlackFideId "937266"]
[EventDate "2014.08.02"]

1. d4 e6 2. c4 b6 3. Nf3 Bb7 4. g3 Bb4+ 5. Bd2 Bxf3 6. exf3 Bxd2+ 7. Qxd2 d5 8.
Bg2 Ne7 9. O-O c6 10. f4 O-O 11. Na3 Nd7 12. Rac1 Rc8 13. Rfe1 Nb8 14. Bh3 Qd7
15. c5 Qc7 16. b4 Nd7 17. Nc2 a5 18. cxb6 Nxb6 19. Ne3 axb4 20. Qxb4 Ra8 21. f5
Nxf5 22. Bxf5 exf5 23. Nxf5 Nc4 24. Re7 Qc8 25. Nd6 Nxd6 26. Qxd6 Rxa2 27. Rd7
Ra6 28. Re1 Qb8 29. Qc5 g6 30. h4 Qb2 31. h5 Qd2 32. Rde7 Qh6 33. Re8 gxh5 34.
R1e5 f6 35. Rxh5 Qg7 36. Re7 Rf7 37. Re8+ Rf8 38. Re1 Qg6 39. Rh4 Re8 40. Rxe8+
Qxe8 41. Qd6 Ra1+ 42. Kg2 f5 43. Qf6 Qg6 44. Qd8+ Kg7 45. Qc7+ Kg8 46. Qb8+ Kg7
47. Qe5+ Kg8 48. Qf4 Kg7 49. Qc7+ Kg8 50. Qc8+ Kg7 51. Qd7+ Kg8 52. Rf4 Qh6 53.
Qc8+ Kg7 54. Qc7+ Kg8 55. Rh4 Qg6 56. g4 Re1 57. Qc8+ Re8 58. Qxf5 Qxf5 59. gxf5
Rf8 60. Rh5 Kg7 61. Kg3 Re8 62. f3 Re3 63. Rh1 Rd3 64. Rc1 Kf6 65. Rxc6+ Kxf5
66. Rh6 Rxd4 67. Rxh7 Ra4 68. Rh5+ 1/2-1/2

[Event "41st Olympiad Women 2014"]
[Site "Tromso NOR"]
[Date "2014.08.08"]
[Round "6.3"]
[Board "4"]
[White "Girya, Olga"]
[Black "Rakic, Marija"]
[Result "1-0"]
[WhiteTitle "WGM"]
[BlackTitle "WIM"]
[WhiteElo "2484"]
[BlackElo "2323"]
[WhiteTeam "Russia"]
[BlackTeam "Serbia"]
[WhiteFideId "4195752"]
[BlackFideId "936286"]
[EventDate "2014.08.02"]

1. d4 Nf6 2. c4 e6 3. Nf3 b6 4. g3 Ba6 5. Qb3 Nc6 6. Nbd2 Bb7 7. e4 d5 8. cxd5
exd5 9. e5 Ne4 10. Bd3 Bb4 11. O-O O-O 12. Rd1 Bxd2 13. Bxd2 Qd7 14. Rac1 a6 15.
Bf4 Rac8 16. a3 Ne7 17. Qc2 Ng6 18. Be3 Qg4 19. Qe2 c5 20. Ne1 Qxe2 21. Bxe2
cxd4 22. Bxd4 Rxc1 23. Rxc1 Nc5 24. Bxc5 bxc5 25. Rxc5 Nxe5 26. f4 Ng6 27. Bf3
Rd8 28. Rc7 Rb8 29. Nd3 Nf8 30. Nc5 Bc8 31. Bxd5 Ne6 32. Bxe6 fxe6 33. b4 Ra8
34. Kf2 Rb8 35. Ke3 a5 36. b5 a4 37. b6 Rxb6 38. Rxc8+ Kf7 39. Nxa4 Ra6 40. Rc4
Ra5 41. Kd4 h6 42. Kc3 g5 43. Kb4 Ra8 44. Nb6 Ra6 45. Nd7 Rd6 46. Ne5+ Kf6 47.
a4 gxf4 48. gxf4 Rb6+ 49. Ka3 Kf5 50. a5 Rb1 51. Ka4 Rb2 52. h3 h5 53. a6 h4 54.
Ka5 1-0

[Event "41st Olympiad Women 2014"]
[Site "Tromso NOR"]
[Date "2014.08.08"]
[Round "6.4"]
[Board "1"]
[White "Haast, Anne"]
[Black "Socko, Monika"]
[Result "0-1"]
[WhiteTitle "WIM"]
[BlackTitle "GM"]
[WhiteElo "2324"]
[BlackElo "2470"]
[WhiteTeam "Netherlands"]
[BlackTeam "Poland"]
[WhiteFideId "1017292"]
[BlackFideId "1106619"]
[EventDate "2014.08.02"]

1. e4 c5 2. Nf3 e6 3. d4 cxd4 4. Nxd4 Nc6 5. Nc3 a6 6. f4 Nxd4 7. Qxd4 b5 8. Be3
Bb7 9. O-O-O Rc8 10. Kb1 Nf6 11. e5 Nd5 12. Ne4 Be7 13. Bd3 O-O 14. g4 f6 15.
Rhe1 Qc7 16. exf6 gxf6 17. Nc3 Nxc3+ 18. Qxc3 Qxc3 19. bxc3 Bf3 20. Be2 Bd5 21.
Kb2 Ba3+ 22. Kb1 Rxc3 23. Bd4 Rh3 24. Rd3 Rxd3 25. Bxd3 Bd6 26. Be3 Rc8 27. Bc1
Bb4 28. Re3 Bc4 29. Bb2 Bxd3 30. Rxd3 Rc4 31. a3 Bf8 32. g5 fxg5 33. fxg5 d6 34.
Rf3 Rg4 35. Bc1 Be7 36. Rc3 Rc4 37. Rh3 e5 38. Rh6 Bf8 39. Rf6 Rh4 40. Rf2 Be7
41. c3 Kg7 42. Kc2 Kg6 43. Rd2 Rg4 44. Kb3 Rxg5 45. a4 e4 46. Re2 Re5 47. Bf4
bxa4+ 48. Kxa4 Re6 49. c4 Kf5 50. Be3 Rg6 51. Ka5 Bg5 52. Bd4 Re6 53. Rf2+ Kg4
54. Rg2+ Kh5 55. h4 Kxh4 56. Rh2+ Kg4 57. Rxh7 e3 58. Bc3 e2 59. Rh1 Bh4 60.
Rg1+ Kf3 61. Kxa6 Bf2 62. Rg8 d5+ 63. Kb5 d4 64. Bd2 Be3 65. Be1 d3 66. Rf8+ Ke4
67. Rd8 Rb6+ 68. Ka5 Rb1 69. Bc3 Bb6+ 0-1

[Event "41st Olympiad Women 2014"]
[Site "Tromso NOR"]
[Date "2014.08.08"]
[Round "6.4"]
[Board "2"]
[White "Zawadzka, Jolanta"]
[Black "Schut, Lisa"]
[Result "1-0"]
[WhiteTitle "WGM"]
[BlackTitle "WIM"]
[WhiteElo "2398"]
[BlackElo "2317"]
[WhiteTeam "Poland"]
[BlackTeam "Netherlands"]
[WhiteFideId "1122320"]
[BlackFideId "1019481"]
[EventDate "2014.08.02"]

1. e4 e6 2. d4 d5 3. Nc3 Bb4 4. e5 c5 5. Bd2 Nh6 6. a3 Bxc3 7. Bxc3 cxd4 8. Bxd4
Nc6 9. Nf3 O-O 10. Be2 b6 11. O-O Nf5 12. c3 Bd7 13. Rc1 f6 14. Bd3 Nfxd4 15.
cxd4 fxe5 16. Nxe5 Nxe5 17. dxe5 Qe8 18. Rc7 Rf7 19. Qc2 Ba4 20. Qc3 Rxc7 21.
Qxc7 Bb5 22. Bxb5 Qxb5 23. b4 a5 24. Qd6 Re8 25. Rc1 Qd3 26. h3 Qxa3 27. Rc8 Kf7
28. Rc7+ Kg8 29. bxa5 Qa1+ 30. Kh2 Qd4 31. axb6 Qxf2 32. Rc3 Qf4+ 33. Rg3 Qf7
34. Rf3 Qe7 35. Qc6 Rb8 36. Rb3 Qf7 37. Qc7 Qf8 38. b7 h5 39. Rf3 Qe8 40. Rg3
Qf8 41. Qd7 Kh7 42. h4 d4 43. Rg5 Re8 44. Rxh5+ Kg8 45. b8=Q 1-0

[Event "41st Olympiad Women 2014"]
[Site "Tromso NOR"]
[Date "2014.08.08"]
[Round "6.4"]
[Board "3"]
[White "Muhren, Bianca"]
[Black "Szczepkowska-Horowska, Karina"]
[Result "1-0"]
[WhiteTitle "WGM"]
[BlackTitle "WGM"]
[WhiteElo "2314"]
[BlackElo "2380"]
[WhiteTeam "Netherlands"]
[BlackTeam "Poland"]
[WhiteFideId "1008498"]
[BlackFideId "1122681"]
[EventDate "2014.08.02"]

1. e4 e5 2. Nf3 Nc6 3. Nc3 Nf6 4. Bb5 Bb4 5. O-O O-O 6. d3 Bxc3 7. bxc3 d6 8.
Re1 Qe7 9. h3 Nd8 10. d4 a6 11. Bd3 c5 12. a4 h6 13. Be3 Qc7 14. Qc1 Nh7 15. Qa3
Ne6 16. dxe5 dxe5 17. Bc4 Nd4 18. cxd4 cxd4 19. Bxd4 exd4 20. Qd3 Ng5 21. Nxg5
hxg5 22. Qxd4 g4 23. Re3 Be6 24. Bd5 Bxd5 25. exd5 Qxc2 26. Qxg4 Rad8 27. Rg3
Qb2 28. Rd1 Rd6 29. Rd4 g6 30. Qf4 Rc8 31. Kh2 Rcd8 32. Rf3 R6d7 33. Qe5 Rd6 34.
Rff4 Qb1 35. Rh4 f6 36. Qe7 g5 37. Rh6 Qf5 38. Rc4 R6d7 39. Qxf6 Qxf6 40. Rxf6
Rxd5 41. Rc7 b5 42. Rxa6 bxa4 43. Rxa4 Rd2 44. Kg3 Rf8 45. f3 Rb8 46. Ra5 Kh8
47. Raa7 Re8 48. Rh7+ Kg8 49. Rag7+ Kf8 50. Rxg5 Ree2 51. Kh2 Rf2 52. Rg3 Rf1
53. Ra7 Rc2 54. h4 Rff2 55. Kh3 Rf1 56. Rg4 Rh1+ 57. Kg3 Rg1 58. Kh2 Rb1 59. Rd4
Ke8 60. Rdd7 Rbb2 61. Rg7 Kf8 62. Kh3 1-0

[Event "41st Olympiad Women 2014"]
[Site "Tromso NOR"]
[Date "2014.08.08"]
[Round "6.4"]
[Board "4"]
[White "Bartel, Marta"]
[Black "Lanchava, Tea"]
[Result "1-0"]
[WhiteTitle "WGM"]
[BlackTitle "IM"]
[WhiteElo "2359"]
[BlackElo "2276"]
[WhiteTeam "Poland"]
[BlackTeam "Netherlands"]
[WhiteFideId "1123009"]
[BlackFideId "1005308"]
[EventDate "2014.08.02"]

1. d4 g6 2. Nf3 Bg7 3. c4 d6 4. g3 e5 5. Nc3 Nd7 6. Bg2 Nh6 7. O-O O-O 8. e4 f6
9. h3 c6 10. Re1 Nf7 11. Be3 Re8 12. Qc2 Nf8 13. Rad1 Bd7 14. b4 Qc8 15. Kh2 f5
16. dxe5 dxe5 17. c5 Be6 18. Nd2 Nd7 19. exf5 gxf5 20. f4 a5 21. b5 e4 22. Nb3
cxb5 23. Nxb5 a4 24. N3d4 Nxc5 25. Nxe6 Nxe6 26. Qf2 Ra5 27. Bf1 Qb8 28. Bc4 a3
29. Qd2 Ra6 30. Qd5 Rc6 31. Bb3 Qc8 32. Qxf5 Neg5 33. Qxg5 Rc2+ 34. Rd2 Rxd2+
35. Bxd2 Kh8 36. Qg4 Qc5 37. Be3 Qxb5 38. Bxf7 Rd8 39. Bb3 Bc3 40. Rd1 1-0

[Event "41st Olympiad Women 2014"]
[Site "Tromso NOR"]
[Date "2014.08.08"]
[Round "6.5"]
[Board "3"]
[White "Kochetkova, Julia"]
[Black "Collas, Silvia"]
[Result "1/2-1/2"]
[WhiteTitle "WGM"]
[BlackTitle "IM"]
[WhiteElo "2338"]
[BlackElo "2316"]
[WhiteTeam "Slovakia"]
[BlackTeam "France"]
[WhiteFideId "4139690"]
[BlackFideId "2902265"]
[EventDate "2014.08.02"]

1. e4 c5 2. Nf3 Nc6 3. d4 cxd4 4. Nxd4 g6 5. c4 Bg7 6. Be3 Nf6 7. Nc3 d6 8. Be2
O-O 9. O-O Bd7 10. f3 Nxd4 11. Bxd4 Bc6 12. Qd2 Nd7 13. Be3 a5 14. b3 Nc5 15.
Rac1 e6 16. Bd1 f5 17. exf5 gxf5 18. Bc2 Be5 19. Ne2 b6 20. Bg5 Qd7 21. Rcd1 Qb7
22. Nd4 Be8 23. Bh6 Rf6 24. Be3 f4 25. Bf2 Qf7 26. Nb5 Bxb5 27. cxb5 Qh5 28.
Rfe1 Rh6 29. h3 Kh8 30. Rxe5 dxe5 31. Qc3 Rg8 32. h4 Rf6 33. Rd6 Rf7 34. Bxc5
bxc5 35. b6 Rfg7 36. Rd2 Rb8 37. Be4 Rxb6 38. Rd8+ Rg8 39. Rd7 Rg7 40. Qxc5 Qxh4
41. Qf8+ Rg8 42. Rxh7+ Qxh7 43. Qf6+ Rg7 44. Bxh7 Kxh7 45. Qxe5 Rb4 46. Qxa5
Rgb7 47. Qe5 R7b6 48. a4 Kg6 49. a5 Rc6 50. Kh2 Kf7 51. Qe1 Rd4 52. Qh4 e5 53.
Qh7+ Kf8 54. Qh8+ Kf7 55. Kh3 Rdd6 56. Qh7+ Kf8 57. Qf5+ Rf6 58. Qxe5 Rh6+ 59.
Kg4 Rcf6 60. Qb8+ Kf7 61. Qc7+ Kf8 62. Qc8+ Kf7 63. Qc7+ Kf8 64. Qc8+ Kf7 1/2-1/2

[Event "41st Olympiad Women 2014"]
[Site "Tromso NOR"]
[Date "2014.08.08"]
[Round "6.5"]
[Board "4"]
[White "Congiu, Mathilde"]
[Black "Machalova, Veronika"]
[Result "1/2-1/2"]
[WhiteTitle "WIM"]
[BlackTitle "WFM"]
[WhiteElo "2318"]
[BlackElo "2214"]
[WhiteTeam "France"]
[BlackTeam "Slovakia"]
[WhiteFideId "634581"]
[BlackFideId "14904888"]
[EventDate "2014.08.02"]

1. e4 c5 2. Nf3 d6 3. d4 cxd4 4. Nxd4 Nc6 5. Nc3 a6 6. g3 Nf6 7. Bg2 Qb6 8. Nxc6
bxc6 9. O-O e5 10. Na4 Qc7 11. c4 Be6 12. c5 d5 13. exd5 Bxd5 14. Re1 Be7 15.
Qe2 O-O 16. Bd2 Bxg2 17. Kxg2 Nd7 18. Rac1 Rfe8 19. Red1 Qb7 20. Be3 Rad8 21.
Qc2 Nf6 22. Nb6 Rxd1 23. Rxd1 Rd8 24. Nc4 Rxd1 25. Qxd1 Nd5 26. Qd3 Qb8 27. b3
h6 28. Qe4 Nxe3+ 29. Qxe3 Qb5 30. Qxe5 Bxc5 31. a4 Qb4 32. Qe8+ Bf8 33. Qxc6 Qc5
34. Qxc5 Bxc5 35. f4 f5 36. Kf3 Kf7 37. h3 Ke6 38. Ne3 h5 39. g4 fxg4+ 40. hxg4
hxg4+ 41. Nxg4 Kd5 42. Ne3+ 1/2-1/2

[Event "41st Olympiad Women 2014"]
[Site "Tromso NOR"]
[Date "2014.08.08"]
[Round "6.6"]
[Board "1"]
[White "Pourkashiyan, Atousa"]
[Black "Botsari, Anna-Maria"]
[Result "1/2-1/2"]
[WhiteTitle "WGM"]
[BlackTitle "WGM"]
[WhiteElo "2352"]
[BlackElo "2299"]
[WhiteTeam "Iran"]
[BlackTeam "Greece"]
[WhiteFideId "12502014"]
[BlackFideId "4200446"]
[EventDate "2014.08.02"]

1. e4 c5 2. Nf3 e6 3. d4 cxd4 4. Nxd4 Nc6 5. Nc3 Qc7 6. Be3 a6 7. Qd2 Nf6 8.
O-O-O Bb4 9. f3 O-O 10. g4 b5 11. g5 Nh5 12. Nde2 Ne5 13. Ng3 g6 14. Nxh5 gxh5
15. Be2 d5 16. exd5 exd5 17. Qd4 Bxc3 18. Qxc3 Qxc3 19. bxc3 Re8 20. Rde1 Bf5
21. Bd4 Re6 22. f4 Ng6 23. Bxh5 Nxf4 24. Ref1 Bg6 25. Bxg6 Ne2+ 26. Kd2 fxg6 27.
Bf6 Re4 28. Rf2 Rae8 29. Rhf1 d4 30. cxd4 Nxd4 31. Kc1 Nf5 32. Rd1 Ne3 33. Rd7
Ng4 34. Rg7+ Kf8 35. Rd2 Nxf6 36. gxf6 Rf4 37. Rxh7 Re1+ 38. Kb2 Rb4+ 39. Kc3
Rc4+ 40. Kd3 Re6 41. Rf2 Rd6+ 42. Ke3 Rcc6 43. f7 Re6+ 44. Kd2 Rf6 45. Rxf6 Rxf6
46. Ke3 Rc6 47. Kd3 Rc4 48. h4 Ra4 49. h5 gxh5 50. Rxh5 Kxf7 51. Re5 Rxa2 52.
Kc3 Ra4 53. Kb3 Rc4 54. c3 Rc6 1/2-1/2

[Event "41st Olympiad Women 2014"]
[Site "Tromso NOR"]
[Date "2014.08.08"]
[Round "6.6"]
[Board "2"]
[White "Tsolakidou, Stavroula"]
[Black "Khademalsharieh, Sarasadat"]
[Result "0-1"]
[WhiteTitle "WFM"]
[BlackTitle "WGM"]
[WhiteElo "2240"]
[BlackElo "2324"]
[WhiteTeam "Greece"]
[BlackTeam "Iran"]
[WhiteFideId "4264312"]
[BlackFideId "12512214"]
[EventDate "2014.08.02"]

1. e4 e5 2. Nf3 Nc6 3. Bb5 a6 4. Ba4 Nge7 5. c3 g6 6. d4 exd4 7. cxd4 b5 8. Bc2
d5 9. exd5 Nxd5 10. O-O Be6 11. Bg5 Qd7 12. Nc3 Nxc3 13. bxc3 Bg7 14. Bb3 Bxb3
15. axb3 O-O 16. Re1 Qf5 17. Qc1 a5 18. Bh6 Rfe8 19. Bxg7 Kxg7 20. c4 Rxe1+ 21.
Qxe1 bxc4 22. bxc4 Qf6 23. Qe4 Rd8 24. Rd1 a4 25. Qe3 Na5 26. Ne5 c5 27. d5 Re8
28. Ng4 Rxe3 29. Nxf6 Rc3 30. Ne4 Rxc4 31. f3 Rd4 32. Ra1 Nb3 33. Ra2 Rxd5 34.
Rxa4 Rd7 35. Rc4 Rd4 36. Rxd4 cxd4 37. Kf2 f5 38. Ng5 h6 39. Ne6+ Kf6 40. Nf4 g5
41. Nd3 Ke6 42. Ke2 Kd5 43. Nb2 Nc5 44. Kd2 h5 45. Ke2 Nd7 46. Kd2 Ne5 47. Ke2
Kc5 48. Nd1 Kc4 49. Kd2 f4 50. h4 g4 51. fxg4 hxg4 52. Nf2 g3 53. Nh3 f3 54.
gxf3 Nxf3+ 55. Ke2 Nxh4 56. Nf4 g2 57. Kf2 d3 58. Nh3 Kc3 59. Ng1 d2 60. Ke2 Kc2 0-1

[Event "41st Olympiad Women 2014"]
[Site "Tromso NOR"]
[Date "2014.08.08"]
[Round "6.6"]
[Board "3"]
[White "Hejazipour, Mitra"]
[Black "Pavlidou, Ekaterini"]
[Result "1/2-1/2"]
[WhiteTitle "WIM"]
[BlackTitle "WIM"]
[WhiteElo "2269"]
[BlackElo "2170"]
[WhiteTeam "Iran"]
[BlackTeam "Greece"]
[WhiteFideId "12505951"]
[BlackFideId "4213262"]
[EventDate "2014.08.02"]

1. d4 f5 2. c4 Nf6 3. Nc3 d6 4. g3 g6 5. Bg2 Bg7 6. Nf3 O-O 7. O-O c6 8. Rb1 a5
9. a3 h6 10. Nh4 Qe8 11. d5 g5 12. Nf3 c5 13. Qc2 Qg6 14. e4 Nxe4 15. Nxe4 fxe4
16. Nd2 Bf5 17. Bxe4 g4 18. Bxf5 Qxf5 19. Qxf5 Rxf5 20. f4 gxf3 21. Nxf3 Nd7 22.
Bf4 a4 23. b3 axb3 24. Rxb3 b6 25. Re1 Rf7 26. Rbe3 Bf6 27. Kg2 Kh7 28. Rb3 Ra4
29. Re4 Rf8 30. Rbe3 Rf7 31. g4 Rg7 32. Kg3 b5 33. cxb5 c4 34. Nd2 Nb6 35. Rf3
c3 36. Rxa4 cxd2 37. Bxd2 Nxa4 38. Ba5 Rg5 39. Rd3 Nc5 40. Rd1 Re5 41. Bb4 Re3+
42. Kf2 Rb3 43. b6 Be5 44. h4 Kg6 45. Ke2 Bg3 46. Kd2 Be5 47. Ke2 Bf4 48. Rf1
Rb2+ 49. Kf3 Be5 50. Re1 Rb3+ 51. Re3 Bd4 52. Rxb3 Nxb3 53. b7 Ba7 54. Ke4 Nc5+
55. Bxc5 dxc5 56. Kd3 Kf6 57. Kc4 Ke5 58. a4 Kf4 59. g5 hxg5 60. hxg5 Kxg5 61.
b8=Q Bxb8 62. Kxc5 Bc7 63. Kc6 Ba5 64. Kb5 Be1 65. a5 Kf6 66. a6 Bf2 67. Kc6 Ke5
68. Kd7 Kxd5 69. Kxe7 Kc6 1/2-1/2

[Event "41st Olympiad Women 2014"]
[Site "Tromso NOR"]
[Date "2014.08.08"]
[Round "6.6"]
[Board "4"]
[White "Markantonaki, Haritomeni"]
[Black "Hakimifard, Ghazal"]
[Result "1-0"]
[WhiteTitle "WFM"]
[BlackTitle "WIM"]
[WhiteElo "2180"]
[BlackElo "2232"]
[WhiteTeam "Greece"]
[BlackTeam "Iran"]
[WhiteFideId "4207050"]
[BlackFideId "12506540"]
[EventDate "2014.08.02"]

1. e4 c5 2. Nf3 Nc6 3. Nc3 e6 4. d4 cxd4 5. Nxd4 a6 6. Nxc6 bxc6 7. Bd3 d5 8.
O-O Nf6 9. Qe2 Be7 10. Na4 O-O 11. c4 Bb7 12. Bf4 c5 13. cxd5 exd5 14. e5 Nd7
15. e6 Nf6 16. Rac1 Qa5 17. b3 fxe6 18. Bd2 Qc7 19. Qxe6+ Kh8 20. Be3 Bd6 21.
Bxc5 Bxh2+ 22. Kh1 Rfe8 23. Qh3 Bf4 24. Rce1 Ne4 25. Bd4 Bc8 26. Qf3 Bb7 27. Qh3
Rf8 28. Nc5 Bc8 29. Qh5 Bf5 30. Nxe4 dxe4 31. Bxe4 Qd7 32. Bxa8 Rxa8 33. Qf3 1-0

[Event "41st Olympiad Women 2014"]
[Site "Tromso NOR"]
[Date "2014.08.08"]
[Round "6.7"]
[Board "3"]
[White "Sedina, Elena"]
[Black "Sihite, Chelsie Monica Ignesias"]
[Result "1-0"]
[WhiteTitle "IM"]
[BlackTitle "WIM"]
[WhiteElo "2291"]
[BlackElo "2206"]
[WhiteTeam "Italy"]
[BlackTeam "Indonesia"]
[WhiteFideId "812153"]
[BlackFideId "7101198"]
[EventDate "2014.08.02"]

1. e4 e5 2. Bc4 Nc6 3. Nc3 Nf6 4. d3 Bb4 5. Ne2 d5 6. exd5 Nxd5 7. O-O Nb6 8.
Bb3 Na5 9. f4 Nxb3 10. axb3 exf4 11. Nxf4 O-O 12. Qh5 g6 13. Qf3 Bc5+ 14. Be3
Bg4 15. Qg3 Bxe3+ 16. Qxe3 f6 17. Qe4 Rf7 18. Rae1 Bd7 19. Qxb7 c6 20. Qa6 c5
21. Qa5 g5 22. Ne6 Bxe6 23. Rxe6 Qd4+ 24. Kh1 Raf8 25. Re4 Qd6 26. Rf5 Nd7 27.
Nb5 Qb8 28. Nxa7 Ne5 29. Nb5 Rb7 30. Na3 Qc8 31. Rf1 Ng6 32. Nc4 Qc6 33. Qa4 Qc7
34. Qa5 Qc6 35. Qe1 Qd7 36. Qf2 Nf4 37. Qxc5 Rb5 38. Qd6 Qg4 39. Ne3 Qe2 40. Kg1
Rf5 41. h3 Re5 42. Rxe5 fxe5 43. Rf3 g4 44. Rg3 h5 45. Kh2 Qf2 46. Nxg4 hxg4 47.
Rxg4+ Kf7 48. Qxe5 Ng6 49. Qc7+ Kf6 50. Qd6+ Kf7 51. Qxg6+ 1-0

[Event "41st Olympiad Women 2014"]
[Site "Tromso NOR"]
[Date "2014.08.08"]
[Round "6.8"]
[Board "3"]
[White "Abrahamyan, Tatev"]
[Black "Narva, Triin"]
[Result "1/2-1/2"]
[WhiteTitle "WGM"]
[BlackTitle "WCM"]
[WhiteElo "2366"]
[BlackElo "2068"]
[WhiteTeam "United States of America"]
[BlackTeam "Estonia"]
[WhiteFideId "13301918"]
[BlackFideId "4502680"]
[EventDate "2014.08.02"]

1. e4 d6 2. d4 Nf6 3. Nc3 e5 4. Nf3 Nbd7 5. Bc4 Be7 6. a4 O-O 7. O-O a6 8. Re1
b6 9. h3 Bb7 10. Ba2 c6 11. Be3 Qc7 12. Nh4 Rfe8 13. Nf5 b5 14. dxe5 Nxe5 15.
Bf4 Rad8 16. Qd2 b4 17. Bxe5 dxe5 18. Qg5 g6 19. Nd1 Nh5 20. Nxe7+ Qxe7 21. Qxe7
Rxe7 22. Ne3 Nf4 23. Nc4 Kg7 24. Rad1 Rxd1 25. Rxd1 c5 26. f3 Bc6 27. Nb6 f5 28.
Rd6 Rc7 29. Nd5 Nxd5 30. exd5 Bxa4 31. Rxa6 Bxc2 32. Bc4 e4 33. Kf2 Rd7 34. Rc6
f4 35. fxe4 Bxe4 36. Rxc5 Kf6 37. Rb5 g5 38. Rb6+ Kg7 39. d6 Bf5 40. Bb5 Rd8 41.
Ba4 Kf7 42. d7 Bxd7 43. Bxd7 Rxd7 44. Rxb4 Kf6 45. Rb6+ Ke5 46. Rb5+ Ke4 47.
Rxg5 Rd2+ 48. Kg1 Rxb2 49. Rg7 h5 50. Rg5 f3 51. gxf3+ 1/2-1/2

[Event "41st Olympiad Women 2014"]
[Site "Tromso NOR"]
[Date "2014.08.08"]
[Round "6.8"]
[Board "4"]
[White "Fomina, Tatyana"]
[Black "Foisor, Sabina-Francesca"]
[Result "0-1"]
[WhiteTitle "WIM"]
[BlackTitle "WGM"]
[WhiteElo "2216"]
[BlackElo "2252"]
[WhiteTeam "Estonia"]
[BlackTeam "United States of America"]
[WhiteFideId "4500156"]
[BlackFideId "1212915"]
[EventDate "2014.08.02"]

1. e4 e6 2. d3 d5 3. Nd2 c5 4. Ngf3 Nc6 5. g3 Nf6 6. Bg2 Be7 7. O-O O-O 8. Re1
b5 9. exd5 exd5 10. c4 Rb8 11. cxd5 Nxd5 12. Ne4 h6 13. Be3 Nxe3 14. fxe3 Bf5
15. Nf2 Nb4 16. e4 Be6 17. d4 cxd4 18. Nxd4 Bc5 19. a3 Bxd4 20. axb4 Bxb2 21.
Qf3 Bxa1 22. Rxa1 Qd4 23. Rd1 Qxb4 24. g4 a5 25. h4 a4 26. g5 hxg5 27. hxg5 Rbd8
28. Rxd8 Rxd8 29. Bh3 Qb3 0-1